[Event "7th Americas Continental 2012"]
[Site "Mar del Plata ARG"]
[Date "2012.10.19"]
[Round "9.27"]
[White "Lujan,C"]
[Black "Perez Gormaz,M"]
[Result "1-0"]
[WhiteElo "2379"]
[BlackElo "2261"]

1.e4 c5 2.Nf3 d6 3.d4 cxd4 4.Nxd4 Nf6 5.Nc3 a6 6.g3 e5 7.Nb3 Nbd7 8.a4 b6
9.Bg2 Bb7 10.O-O Rc8 11.Qe2 Be7 12.Rd1 Qc7 13.Nd2 O-O 14.Nf1 Nc5 15.f3 Ne6
16.Ne3 Nd4 17.Qd3 Rfe8 18.Bd2 Bf8 19.Be1 g6 20.Bf2 Bg7 21.Ra3 Qd8 22.Ncd5 Nd7
23.c3 Ne6 24.b4 a5 25.Nc4 Ba6 26.b5 Ndc5 27.Qb1 Bb7 28.Ndxb6 Rb8 29.Rxd6 Qe7
30.Nd5 Qf8 31.Ra2 Ba8 32.Rb6 Nb7 33.Nce3 Kh8 34.f4 exf4 35.gxf4 Nbc5 36.Rxb8 Rxb8
37.f5 Nd8 38.Qd1 f6 39.Ng4 Nd7 40.Nc7 Ne5 41.Nxe5 fxe5 42.Nxa8 Rxa8 43.fxg6 hxg6
44.Qd5 Rc8 45.c4 Qe7 46.Bh3 Qg5+ 47.Kh1 Rb8 48.c5 Rb7 49.Qd2 Qf6 50.c6 Nxc6
51.bxc6 Qxc6 52.Qd8+ Kh7 53.Qh4+ Bh6 54.Be3 Rb1+ 55.Kg2 g5 56.Bxg5  1-0

[Event "7th Americas Continental 2012"]
[Site "Mar del Plata ARG"]
[Date "2012.10.20"]
[Round "10.38"]
[White "Souza Neves,A"]
[Black "Perez,Max"]
[Result "1-0"]
[WhiteElo "2147"]
[BlackElo "2264"]

1.e4 c5 2.Nf3 d6 3.d4 cxd4 4.Nxd4 Nf6 5.Nc3 a6 6.g3 e5 7.Nb3 Be7 8.Bg2 O-O
9.O-O b5 10.a4 b4 11.Nd5 Nxd5 12.Qxd5 Ra7 13.Be3 Be6 14.Qd2 Rb7 15.a5 Nc6
16.Bb6 Qa8 17.Rfd1 Rd7 18.Qe2 Qb7 19.Rd5 Bd8 20.Be3 Bc7 21.Qd2 Rfd8 22.f4 f6
23.f5 Bf7 24.Nc5 dxc5 25.Rxd7 c4 26.c3 bxc3 27.bxc3 Qb8 28.Rxd8+ Bxd8 29.Bf1 Bxa5
30.Qd7 Qa8 31.Rb1 Bxc3 32.Rb7 Qe8 33.Qxe8+ Bxe8 34.Bxc4+ Kh8 35.Bd5 h6 36.Bxc6 Bxc6
37.Re7  1-0

[Event "16th Unive Open"]
[Site "Hoogeveen NED"]
[Date "2012.10.26"]
[Round "8"]
[White "Mellema,A"]
[Black "Voss,Her"]
[Result "1-0"]
[WhiteElo "2181"]
[BlackElo "2015"]

1.e4 c5 2.Nf3 d6 3.d4 cxd4 4.Nxd4 Nf6 5.Nc3 a6 6.g3 e6 7.Bg2 Be7 8.O-O O-O
9.Be3 Qc7 10.a4 Nc6 11.Nxc6 bxc6 12.a5 Nd7 13.Na4 Bb7 14.c4 c5 15.Qd2 Ne5
16.Nb6 Rad8 17.Rfd1 Nc6 18.Bf4 Nd4 19.Ra3 Bc6 20.Be3 Bf6 21.Rd3 Qb7 22.f3 h6
23.b4 e5 24.Rb1 Qa7 25.Bxd4 exd4 26.b5 Bb7 27.Bh3 Rfe8 28.Nd7 Bg5 29.b6 Qa8
30.f4 Bf6 31.Nxf6+ gxf6 32.Bg2 Bxe4 33.b7 Qb8 34.Bxe4 Rxe4 35.f5 Kg7 36.Rdb3 Rde8
37.Kf2 R8e7 38.Rb6 R4e5 39.Qf4 Re2+ 40.Kf1 R2e5 41.Qf3 d5 42.cxd5 Re3 43.Qg4+ Kf8
44.Qf4 R3e5 45.Qxh6+ Kg8 46.Qxf6 d3 47.Qg5+  1-0

[Event "5th Douglas Martinez"]
[Site "Guarenas VEN"]
[Date "2012.10.28"]
[Round "5.7"]
[White "Hernandez,Alex"]
[Black "Vera Gonzalez Quevedo,R"]
[Result "0-1"]
[WhiteElo "2259"]
[BlackElo "2481"]

1.e4 c5 2.Nf3 d6 3.d4 Nf6 4.Nc3 cxd4 5.Nxd4 a6 6.g3 e6 7.Bg2 Be7 8.O-O O-O
9.a4 Nc6 10.Nde2 Rb8 11.b3 b5 12.axb5 axb5 13.Bb2 b4 14.Nb1 Qc7 15.Nd2 Rd8
16.Nf4 Bb7 17.Re1 Ra8 18.Rxa8 Bxa8 19.Nc4 Na5 20.Nxa5 Qxa5 21.Qd2 h6 22.c4 bxc3
23.Bxc3 Qb5 24.b4 Bc6 25.Qb2 e5 26.Nh3 Qb7 27.Qb1 Rc8 28.Bd2 Ra8 29.f3 d5
30.Nf2 dxe4 31.Nxe4 Nd7 32.Bf1 Bd5 33.Qd3 f5 34.Nc3 Be6 35.Nb5 Ra2 36.Rc1 e4
37.fxe4 fxe4 38.Qc3 Bf6 39.Qc8+ Qxc8 40.Rxc8+ Nf8 41.Rxf8+ Kxf8 42.Be3 Ra1
43.Kf2 Rxf1+  0-1

[Event "Chigorin Memorial"]
[Site "St Petersburg RUS"]
[Date "2012.10.28"]
[Round "2.53"]
[White "Nikolova,A"]
[Black "Eliseev,U"]
[Result "0-1"]
[WhiteElo "2290"]
[BlackElo "2486"]

1.e4 c5 2.Nf3 d6 3.d4 cxd4 4.Nxd4 Nf6 5.Nc3 a6 6.g3 e5 7.Nde2 Be7 8.Bg2 b5
9.h3 h5 10.Bg5 Nbd7 11.Nd5 Nxd5 12.Qxd5 Rb8 13.Bxe7 Qxe7 14.Rd1 Rb6 15.a3 h4
16.g4 Nc5 17.Qd2 Bb7 18.Qe3 O-O 19.O-O b4 20.Rb1 a5 21.axb4 axb4 22.Rfe1 Ba6
23.f4 b3 24.c3 Bd3 25.Rbd1 Bc2 26.Rd5 Rc6 27.g5 Na4 28.Qc1 Nb6 29.f5 Nxd5
30.exd5 Ra6 31.Rf1 Rfa8 32.Qd2 Ra1 33.Nc1 R8a4 34.g6 fxg6 35.fxg6 Bxg6 36.Nxb3 Rxf1+
37.Bxf1 Rf4 38.Bg2 Qg5 39.Qe2 Qg3 40.Nd2 Bd3 41.Qh5 g6 42.Qd1 Rf2  0-1

[Event "Chigorin Memorial"]
[Site "St Petersburg RUS"]
[Date "2012.10.31"]
[Round "5.69"]
[White "Atabayev,Y"]
[Black "Kiselev,P"]
[Result "1/2-1/2"]
[WhiteElo "2407"]
[BlackElo "2188"]

1.e4 c5 2.Nf3 d6 3.d4 cxd4 4.Nxd4 Nf6 5.Nc3 a6 6.g3 g6 7.Bg2 Bg7 8.O-O O-O
9.h3 Bd7 10.Be3 Nc6 11.Qd2 Rc8 12.Nxc6 Bxc6 13.Rad1 Qc7 14.f4 b5 15.Rf2 Ba8
16.Qd3 Rfd8 17.Rfd2 Nd7 18.Bd4 e5 19.Bf2 Nb6 20.Bxb6 Qxb6+ 21.Kh2 exf4 22.gxf4 Bxc3
23.bxc3 Qa5 24.Qe2 Qa3 25.e5 Bxg2 26.Qxg2 d5 27.f5 Qxc3 28.Re2 Re8 29.Rxd5 Qc4
30.Rf2 Red8 31.Rxd8+ Rxd8 32.Qg3 Qe4 33.e6 fxe6 34.f6 Qd4 35.f7+ Kf8 36.Kg1 Qe4
37.Kh2 Qd4 38.Kg1 Qe4 39.Kh2  1/2-1/2

[Event "CBX IM Salvador 2012"]
[Site "Salvador BRA"]
[Date "2012.11.09"]
[Round "3.2"]
[White "Santiago,Y"]
[Black "Barata,A"]
[Result "1-0"]
[WhiteElo "2363"]
[BlackElo "2199"]

1.e4 c5 2.Nf3 d6 3.d4 cxd4 4.Nxd4 Nf6 5.Nc3 a6 6.g3 g6 7.Bg2 Bg7 8.O-O O-O
9.h3 Nc6 10.Nb3 Bd7 11.a4 Na5 12.Nxa5 Qxa5 13.Ra3 Rac8 14.Be3 Rc4 15.Re1 Rfc8
16.Bd2 Qd8 17.a5 Be6 18.Nd5 Nxd5 19.exd5 Bf5 20.c3 b5 21.axb6 Qxb6 22.g4 Bd7
23.Rxe7 Qd8 24.Re1 a5 25.Bf1 R4c7 26.Bf4 Be8 27.Rxa5 Rxc3 28.Rxe8+  1-0

[Event "WY BU16 2012"]
[Site "Maribor SLO"]
[Date "2012.11.11"]
[Round "4.25"]
[White "Reshef,O"]
[Black "Mikes,J"]
[Result "1-0"]
[WhiteElo "2228"]
[BlackElo "2102"]

1.e4 c5 2.Nf3 d6 3.d4 cxd4 4.Nxd4 Nf6 5.Nc3 a6 6.g3 e5 7.Nde2 b5 8.Bg2 Bb7
9.O-O Nbd7 10.a4 b4 11.Nd5 Nxd5 12.exd5 f5 13.a5 Nf6 14.Ra4 Rb8 15.Be3 Nd7
16.Qe1 b3 17.cxb3 Be7 18.Rc4 O-O 19.b4 Qe8 20.Rc7 Bd8 21.Rc4 Qf7 22.Nc3 e4
23.f3 Ne5 24.Rd4 exf3 25.Bxf3 Bf6 26.Be2 Bc8 27.Qd2 Qe7 28.h3 Re8 29.Rf2 Ng6
30.Rd3 Rxb4 31.Bh5 Ne5 32.Bxe8 Rxb2 33.Qxb2 Nxd3 34.Qe2 Nxf2 35.Bxf2 Kf8
36.Bh5 g6 37.Bf3 Qc7 38.Na4 f4 39.g4 h5 40.Nb6 hxg4 41.hxg4 Qc1+ 42.Kg2  1-0

[Event "WY BU16 2012"]
[Site "Maribor SLO"]
[Date "2012.11.11"]
[Round "4.61"]
[White "Comas Colon,Rinell"]
[Black "Krcmar,Aleksander"]
[Result "1-0"]
[WhiteElo "1793"]
[BlackElo "1569"]

1.e4 c5 2.Nf3 d6 3.d4 cxd4 4.Nxd4 Nf6 5.Nc3 a6 6.g3 e5 7.Nde2 Nc6 8.Bg2 Be7
9.h3 Be6 10.Be3 Rc8 11.O-O Qd7 12.Nd5 Bd8 13.g4 h5 14.g5 Nh7 15.h4 Bh3 16.Ng3 Qg4
17.Qxg4 hxg4 18.Bxh3 gxh3 19.Nf5 Kf8 20.Nxd6 Rb8 21.Kh2 g6 22.Rg1 b5 23.c4 Ne7
24.Kxh3 Nxd5 25.exd5 Be7 26.c5 Bxd6 27.cxd6 Ke8 28.f4 e4 29.Bd4 Rg8 30.Rae1 Kd7
31.Rxe4 Rbe8 32.Re7+ Rxe7 33.dxe7 Kd6 34.Re1 Re8 35.b4 Kd7  1-0

[Event "WY BU14 2012"]
[Site "Maribor SLO"]
[Date "2012.11.12"]
[Round "5.27"]
[White "Markoja,B"]
[Black "Petrovskis,Olegs"]
[Result "1/2-1/2"]
[WhiteElo "2090"]
[BlackElo "1946"]

1.e4 c5 2.Nf3 d6 3.d4 cxd4 4.Nxd4 Nf6 5.Nc3 a6 6.g3 e5 7.Nb3 Be7 8.Bg2 O-O
9.O-O Be6 10.a4 Nc6 11.Re1 Nb4 12.Bg5 Bg4 13.f3 Be6 14.a5 Nc6 15.Bxf6 Bxf6
16.Nd5 Bxd5 17.Qxd5 Qc7 18.c3 Rfd8 19.Qd3 Bg5  1/2-1/2

[Event "Brno Open 2012"]
[Site "Brno CZE"]
[Date "2012.11.13"]
[Round "4"]
[White "Tsenov,Tsvetoslav"]
[Black "Svoboda,I"]
[Result "1-0"]
[WhiteElo "2118"]
[BlackElo "2005"]

1.e4 c5 2.Nf3 d6 3.d4 cxd4 4.Nxd4 Nf6 5.Nc3 a6 6.g3 e5 7.Nde2 Nc6 8.Bg2 Be7
9.O-O O-O 10.h3 Be6 11.Be3 Rc8 12.Qd2 Nb4 13.Rfd1 Qd7 14.a3 Nc6 15.Nd5 Bxd5
16.exd5 Nb8 17.a4 b5 18.axb5 Qxb5 19.b3 Nbd7 20.Ra3 Nc5 21.c4 Qb7 22.Bxc5 Rxc5
23.Nc1 e4 24.Re1 Bd8 25.Bxe4 Re8 26.Bg2 Rxe1+ 27.Qxe1 Kf8 28.Nd3 Rc8 29.Nb4 Bb6
30.Nc6 Re8 31.Qd2 a5 32.Ra2 Qd7 33.Qf4 Nh5 34.Qf3 g6 35.g4 Ng7 36.Re2 h5
37.Rxe8+ Qxe8 38.Kf1 Qd7 39.Qf4 Kg8 40.Be4 hxg4 41.hxg4 Bd8 42.Bc2 Ne8 43.f3 Bb6
44.Qg5 Kg7 45.f4 Nf6 46.f5 Qe8 47.fxg6 Be3 48.gxf7+ Bxg5 49.fxe8=Q Nxe8 50.Nxa5 Kf6
51.Nc6  1-0

[Event "WY BU16 2012"]
[Site "Maribor SLO"]
[Date "2012.11.14"]
[Round "7.59"]
[White "Comas Colon,Rinell"]
[Black "Gjeorgjievski,Done"]
[Result "1-0"]
[WhiteElo "1793"]
[BlackElo "1827"]

1.e4 c5 2.Nf3 d6 3.d4 cxd4 4.Nxd4 Nf6 5.Nc3 a6 6.g3 e5 7.Nde2 Be7 8.Bg2 Be6
9.h3 Nbd7 10.Be3 O-O 11.O-O Qc7 12.g4 Nb6 13.Ng3 Nc4 14.Bc1 b5 15.Nf5 b4
16.Ne2 Bxf5 17.exf5 Rac8 18.c3 a5 19.cxb4 axb4 20.b3 Nb6 21.Be3 Rfd8 22.Ng3 Qb8
23.g5 Ne8 24.Qg4 d5 25.f6 Bf8 26.Nf5 d4 27.Bd2 Nd5 28.fxg7 Nxg7 29.Nh6+ Kh8
30.Nxf7+ Kg8 31.Nxd8 Rxd8 32.Bxd5+ Rxd5 33.h4 Qe8 34.Rfe1 Qf7 35.Rac1 Ra5
36.a4 Qxb3 37.g6 hxg6 38.Qxg6 Qxa4 39.Rc6 Qa2 40.Bh6 Qf7 41.Qxf7+ Kxf7 42.Rb6 Rd5
43.Rb7+ Kg8 44.Bxg7 Bxg7 45.Rxb4 d3 46.Rd1 Bh6 47.Kg2 d2 48.Kf3 Rc5 49.Ke4 Rc1
50.Rb1 Rc4+ 51.Kxe5 Rxh4 52.Rh1 Bg7+ 53.Ke6 Re4+ 54.Kf5 Re8 55.f4 Bd4 56.Kg4 Bf2
57.Rhd1 Re1 58.Rb8+ Kf7 59.Rxd2 Bc5 60.Rb7+ Be7 61.Rdd7 Rg1+ 62.Kf5 Re1 63.Rxe7+ Rxe7
64.Rxe7+ Kxe7 65.Kg6 Kf8 66.f5 Kg8 67.f6 Kh8 68.Kf7  1-0

[Event "WY BU16 2012"]
[Site "Maribor SLO"]
[Date "2012.11.16"]
[Round "9.56"]
[White "Comas Colon,Rinell"]
[Black "Vesce,Emanuele"]
[Result "1/2-1/2"]
[WhiteElo "1793"]
[BlackElo "1880"]

1.e4 c5 2.Nf3 d6 3.d4 cxd4 4.Nxd4 Nf6 5.Nc3 a6 6.g3 e5 7.Nde2 b5 8.Bg2 Bb7
9.h3 Nbd7 10.Be3 b4 11.Nd5 Nxd5 12.exd5 Qc7 13.O-O Nb6 14.c3 bxc3 15.Bxb6 Qxb6
16.Qa4+ Qb5 17.Qxb5+ axb5 18.Nxc3 b4 19.Ne4 Be7 20.Rfc1 Kd7 21.Rc4 Rhb8 22.Rxb4 Bxd5
23.Rxb8 Rxb8 24.Nf6+ Bxf6 25.Bxd5  1/2-1/2

[Event "VIII Governor's Cup"]
[Site "Khanty-Mansiysk RUS"]
[Date "2012.11.17"]
[Round "3.6"]
[White "Matsenko,S"]
[Black "Zhigalko,S"]
[Result "1/2-1/2"]
[WhiteElo "2465"]
[BlackElo "2682"]

1.e4 c5 2.Nf3 d6 3.d4 cxd4 4.Nxd4 Nf6 5.Nc3 a6 6.g3 g6 7.Bg2 Bg7 8.O-O O-O
9.Re1 Bg4 10.Nde2 Nc6 11.h3 Bxe2 12.Nxe2 Nd7 13.c3 Rc8 14.Be3 b5 15.Qd2 Nc5
16.f4 Qc7 17.Rac1 Rfd8 18.Bf2 e6 19.Qe3 Ne7 20.g4 Na4 21.Qd2 Kh8 22.h4 e5
23.b3 Nb6 24.Qe3 Nd7 25.f5 d5 26.Ng3 dxe4 27.Nxe4 gxf5 28.gxf5 Nxf5 29.Qf3 Nh6
30.Rcd1 Nf8 31.Be3 f5 32.Rxd8 Qxd8 33.Bxh6 Bxh6 34.Qxf5 Qxh4 35.Re2 Rd8 36.Qxe5+ Bg7
37.Qf5 Ng6 38.Ng5 Rd1+ 39.Bf1 Qg3+ 40.Kh1 Qh4+ 41.Kg1 Qg3+ 42.Kh1 Qh4+ 43.Kg1 Nf8
44.Rg2 Ng6  1/2-1/2

[Event "Plzen Open 2012"]
[Site "Plzen CZE"]
[Date "2012.11.23"]
[Round "6"]
[White "Tsenov,Tsvetoslav"]
[Black "Vykouk,Jan"]
[Result "0-1"]
[WhiteElo "2118"]
[BlackElo "1962"]

1.e4 c5 2.Nf3 d6 3.d4 cxd4 4.Nxd4 Nf6 5.Nc3 a6 6.g3 e5 7.Nde2 Be7 8.Bg2 b5
9.O-O Nbd7 10.h3 b4 11.Nd5 Nxd5 12.exd5 a5 13.Be3 O-O 14.a3 Ba6 15.Qd2 f5
16.Rfe1 Bxe2 17.Rxe2 Rb8 18.b3 Bf6 19.Ra2 Qc7 20.axb4 Rxb4 21.Qe1 Rb5 22.Bd2 Ra8
23.g4 g6 24.gxf5 gxf5 25.Re3 Kh8 26.Rc3 Nc5 27.Rc4 a4 28.Bh6 Rg8 29.b4 Qf7
30.Qd2 Ne4 31.Rxe4 fxe4 32.c4 Qg6 33.f3 exf3 34.cxb5 Qb1+ 35.Qc1 Qxa2  0-1

[Event "ch-Commonwealth 2012"]
[Site "Chennai IND"]
[Date "2012.11.25"]
[Round "5"]
[White "Arun,Ka"]
[Black "Shyam,N"]
[Result "1-0"]
[WhiteElo "2278"]
[BlackElo "2431"]

1.e4 c5 2.Nf3 d6 3.d4 cxd4 4.Nxd4 Nf6 5.Nc3 a6 6.g3 e5 7.Nb3 b5 8.Bg2 Bb7
9.O-O Nbd7 10.a4 bxa4 11.Rxa4 Bc6 12.Ra1 a5 13.Re1 Be7 14.Nd5 a4 15.Nxe7 Qxe7
16.Nd4 exd4 17.e5 Bxg2 18.exf6  1-0

[Event "TCh-CZE Div1 Vychod 2012-13"]
[Site "Czech Republic CZE"]
[Date "2012.11.25"]
[Round "3"]
[White "Strasil,P"]
[Black "Vesely,T"]
[Result "1/2-1/2"]
[WhiteElo "2094"]
[BlackElo "2140"]

1.e4 c5 2.Nf3 d6 3.d4 cxd4 4.Nxd4 Nf6 5.Nc3 a6 6.g3 b5 7.Bg2 Bb7 8.O-O e5
9.Nf5 b4 10.Nd5 Nxd5 11.exd5 g6 12.Ne3 Nd7 13.Nc4 Qc7 14.b3 Bg7 15.Bb2 O-O
16.a3 a5 17.axb4 axb4 18.Qd2 Ba6 19.Qxb4 Bxc4 20.Qxc4 Qxc4 21.bxc4 Nb6 22.Rxa8 Rxa8
23.Ra1 Rxa1+ 24.Bxa1 Nxc4 25.Bc3 Bf8 26.Bb4 Nb6 27.Ba5 Nd7 28.Kf1 f5 29.f3 Nf6
30.c4 Nd7 31.Ke2 Kf7 32.Bd2 Be7 33.Bb4 Nc5 34.Bxc5 dxc5 35.Kd3 Bf6 36.Kc2 Ke7
37.g4 e4 38.gxf5 exf3 39.Bxf3  1/2-1/2

[Event "35th ch-GRE w 2012"]
[Site "Athens GRE"]
[Date "2012.11.27"]
[Round "4"]
[White "Makka,I"]
[Black "Grapsa,G"]
[Result "1/2-1/2"]
[WhiteElo "2119"]
[BlackElo "2051"]

1.e4 c5 2.Nf3 d6 3.d4 cxd4 4.Nxd4 Nf6 5.Nc3 a6 6.g3 e5 7.Nb3 b5 8.a4 b4 9.Nd5 Bb7
10.Nxf6+ Qxf6 11.Bg2 Qg6 12.O-O Be7 13.Qd3 a5 14.Re1 O-O 15.Bd2 Qe6 16.Be3 Nd7
17.h3 Rfc8 18.Kh2 Ba6 19.Qd2 Bc4 20.Nc1 Nc5 21.h4 Qg6 22.f3 Rd8 23.Qf2 Rac8
24.Bh3 Be6 25.g4 h5 26.Rg1 hxg4 27.Bxg4 Bxg4 28.Rxg4 Qh5 29.Bxc5 Rxc5 30.Nd3 Rc4
31.Rag1 g6 32.Ne1 Rdc8 33.R1g2 Kg7 34.Kh1 b3 35.cxb3 Rc1 36.Rg1 d5 37.Nd3 R1c2
38.Qe1 d4 39.R1g2 Rxg2 40.Kxg2 Rc2+ 41.Kh3 Bb4 42.Nxb4 axb4 43.Qxb4 d3 44.Qd6 d2
45.a5 Qh8 46.a6 Qc8 47.a7 Rxb2 48.Qxe5+ Kh7 49.Qd5 Kg7 50.h5 Ra2 51.Qd4+ f6
52.Kg3 Qc7+ 53.Rf4 Qe5 54.Qd7+ Kh6 55.Qf7 Qg5+ 56.Rg4 Qe5+ 57.f4 Qxh5 58.Qf8+ Kh7
59.Qf7+ Kh6 60.Qf8+ Kh7 61.Qf7+  1/2-1/2

[Event "ch-Commonwealth 2012"]
[Site "Chennai IND"]
[Date "2012.11.29"]
[Round "9"]
[White "G.,A"]
[Black "Grover,S"]
[Result "1-0"]
[WhiteElo "2404"]
[BlackElo "2509"]

1.e4 c5 2.Nf3 d6 3.d4 cxd4 4.Nxd4 Nf6 5.Nc3 a6 6.g3 e5 7.Nde2 Be7 8.Bg2 O-O
9.h3 Nbd7 10.g4 Nc5 11.Be3 b5 12.a3 Re8 13.Ng3 Bb7 14.O-O Rc8 15.Qd2 g6 16.f4 exf4
17.Bxf4 Ne6 18.Be3 Nd7 19.Nd5 Bh4 20.Ne2 Nec5 21.Nec3 Ne6 22.Rad1 Ne5 23.b3 Nd7
24.a4 Bxd5 25.exd5 Ng5 26.axb5 axb5 27.Nxb5 Rxc2 28.Qxc2 Rxe3 29.Nxd6 Qe7
30.Nc4 Nxh3+ 31.Kh1 Rg3 32.Rde1 Qc5 33.Qb2 Rd3 34.Re8+ Nf8 35.d6 f6 36.Qe2 Qd4
37.Qe6+ Kg7 38.Qe7+ Kh6 39.Qxf8+ Kg5 40.Re5+ fxe5 41.Qf6+ Kxg4 42.Nxe5+ Kh5
43.Bf3+  1-0

[Event "4th London Classic Open"]
[Site "London ENG"]
[Date "2012.12.05"]
[Round "5"]
[White "Bates,C"]
[Black "Szabo,Ben"]
[Result "0-1"]
[WhiteElo "2200"]
[BlackElo "2365"]

1.e4 c5 2.Nf3 d6 3.d4 cxd4 4.Nxd4 Nf6 5.Nc3 a6 6.g3 e5 7.Nb3 Be7 8.Bg2 O-O
9.O-O Nbd7 10.a4 b6 11.Qe2 Bb7 12.Rd1 Rc8 13.Be3 Rc7 14.Rd2 Qa8 15.Bg5 Rfc8
16.Bxf6 Nxf6 17.Bh3 Rd8 18.Re1 Rxc3 19.bxc3 Nxe4 20.Rd3 Ng5 21.Bg4 h5 22.h4 hxg4
23.hxg5 Bh1 24.f4 gxf3 25.Qf2 Bg2 26.Nd2 d5 27.Rxe5 Bc5 28.Rd4 Re8 29.Nxf3 Bxf3
30.Rxe8+ Qxe8 31.Qxf3 Qxa4 32.Qxd5 Qxc2 33.Kh1 Bxd4 34.cxd4 b5 35.Qd8+ Kh7
36.d5 b4 37.g6+ Qxg6 38.Qh4+ Qh6 39.Qxh6+ Kxh6 40.d6 b3 41.d7 b2 42.d8=Q b1=Q+
43.Kg2 Qe4+ 44.Kf2 Qf5+ 45.Kg2 a5 46.Qh4+ Kg6 47.Qa4 Qd5+ 48.Kh3 Qh1+ 49.Kg4 f5+
50.Kf4 Qe4+  0-1

[Event "ch-IRI 2012"]
[Site "Zahedan IRI"]
[Date "2012.12.10"]
[Round "5.7"]
[White "Vaghar,M"]
[Black "Noroozi,O"]
[Result "1-0"]
[WhiteElo "2225"]
[BlackElo "2366"]

1.e4 c5 2.Nf3 d6 3.d4 cxd4 4.Nxd4 Nf6 5.Nc3 a6 6.g3 e5 7.Nde2 Nbd7 8.Bg2 b5
9.O-O Bb7 10.Nd5 Nxd5 11.exd5 Nb6 12.b3 Rc8 13.Be3 Be7 14.Rc1 f5 15.Qd2 O-O
16.a4 Nd7 17.axb5 axb5 18.Qb4 Ra8 19.Ra1 Qc8 20.Rxa8 Qxa8 21.Qxb5 Nf6 22.c4 Rb8
23.Nc3 Bc8 24.Qc6 Qa5 25.b4 Qxb4 26.Rb1 Qxb1+ 27.Nxb1 Rxb1+ 28.Bf1 Bd7 29.Qa8+ Kf7
30.Qa2 Rd1 31.Qb3 Ra1 32.Qb2 Re1 33.c5 f4 34.Bd2 Rd1 35.Qc2 Ra1 36.Bc3 Ba4
37.Qf5 Rc1 38.cxd6 Bb5 39.dxe7 Rxf1+ 40.Kg2 Rd1 41.Qe6+ Kg6 42.Bxe5  1-0

[Event "ch-IRI 2012"]
[Site "Zahedan IRI"]
[Date "2012.12.11"]
[Round "7.1"]
[White "Golizadeh,A"]
[Black "Darini,P"]
[Result "1/2-1/2"]
[WhiteElo "2476"]
[BlackElo "2522"]

1.e4 c5 2.Nf3 d6 3.d4 cxd4 4.Nxd4 Nf6 5.Nc3 a6 6.g3 g6 7.Bg2 Bg7 8.O-O O-O
9.a4 Nc6 10.Nde2 Rb8 11.Nd5 b5 12.axb5 axb5 13.c3 b4 14.Nd4 Nxd4 15.Nxf6+ exf6
16.cxd4 f5 17.Bf4 fxe4 18.Bxe4 Qb6 19.Be3 Bb7 20.Qf3 Bxe4 21.Qxe4 Qb5 22.Ra7 Rbe8
23.Qf3 Qc4 24.Rc1 Qb3 25.Kg2 Qxb2 26.Rc4 d5 27.Bc1 Qb1 28.Qxd5 Rd8 29.Qf3 Rxd4
30.Rc8 Qe4 31.Qxe4 Rxe4 32.Raa8 g5 33.Bxg5 Re6 34.Rcb8 h6 35.Be3 Rc6 36.Bd2 b3
37.Rxf8+ Bxf8 38.Rb8 Kg7 39.Rxb3 Be7 40.Be3 Kg6 41.Rb5 h5 42.h3 f5 43.Bd4 Bf6
44.Bxf6 Kxf6 45.Rb8 Kg7 46.Kf3 Rc4 47.Rb7+ Kg6 48.Rb6+ Kg7 49.Rd6 Ra4 50.h4 Re4
51.Rd8 Ra4 52.Ke3 Re4+ 53.Kd3 Ra4 54.Rd4 Ra3+ 55.Kc4 Ra2 56.Rf4 Kf6 57.Kd3 Rb2
58.Ke3 Rb3+ 59.Ke2 Rb2+ 60.Kf3 Rb3+ 61.Kg2 Ra3 62.Rf3 Ra4 63.Rd3 Rb4 64.Kf3 Re4
65.Rd6+ Kg7 66.Rc6 Ra4 67.Ke3 Re4+ 68.Kd3 Ra4 69.Rc4 Ra2 70.Ke3 Ra6 71.Kd4 Ra2
72.f3 Rg2 73.Ke5 Rxg3 74.Rf4 Rh3 75.Kxf5 Rg3 76.Ke4 Rh3 77.Ke3 Rh2 78.Ke4 Kg6
79.Ke5 Rh3 80.Ke6 Kg7 81.Ke7 Rh2 82.Ke6 Rh3 83.Rf7+ Kg6 84.Rf6+ Kg7 85.Rf4 Kg6
86.Ke7 Kg7 87.Rf7+ Kg6 88.Rf4 Kg7 89.Ke6 Kg6 90.Ke5 Kg7 91.Ke4 Kg6 92.Ke3 Rh2
93.Rb4 Kf6  1/2-1/2

[Event "III ITT JAHV McGREGOR"]
[Site "Bogota COL"]
[Date "2012.12.14"]
[Round "5.26"]
[White "Acevedo,Jo"]
[Black "Pardo,Alejandro"]
[Result "0-1"]
[WhiteElo "2088"]
[BlackElo "2214"]

1.e4 c5 2.Nf3 d6 3.d4 cxd4 4.Nxd4 Nf6 5.Nc3 a6 6.g3 e6 7.Bg2 Be7 8.Be3 Qc7
9.Qe2 Nc6 10.f4 O-O 11.O-O Bd7 12.Rad1 Rac8 13.h3 b5 14.a3 Na5 15.Kh1 Nc4
16.Bc1 Nxa3 17.e5 Ne8 18.exd6 Nxd6 19.Nd5 exd5 20.Qxe7 Rfe8 21.Qg5 Nxc2 22.Qxd5 Nb4
23.Qb3 Qc4 24.Bd2 Nc6 25.Qxc4 Nxc4 26.Bc1 Nxd4 27.Rxd4 Bc6 28.b3 Na5 29.Bxc6 Rxc6
30.Rd3 h6 31.Ba3 Rc2 32.Bb4 Ree2 33.Rfd1 Nc6 34.Bd2 Ne7 35.Be3 Rh2+ 36.Kg1 Rhg2+  0-1

[Event "Subotica IM 2012"]
[Site "Subotica SRB"]
[Date "2012.12.15"]
[Round "3.3"]
[White "Stankovic,Milo"]
[Black "Stocko,J"]
[Result "1-0"]
[WhiteElo "2359"]
[BlackElo "2193"]

1.e4 c5 2.Nf3 d6 3.d4 cxd4 4.Nxd4 Nf6 5.Nc3 a6 6.g3 e6 7.Bg2 Be7 8.O-O O-O
9.Be3 Qc7 10.g4 Nc6 11.g5 Nd7 12.f4 Re8 13.Qh5 g6 14.Qh4 Bf8 15.Rad1 Bg7
16.Kh1 Na5 17.f5 Ne5 18.Nce2 b5 19.Nf4 Nac6 20.Nxc6 Qxc6 21.f6 Bf8 22.Bd4 Bb7
23.Bxe5 dxe5 24.Nxg6 fxg6 25.f7+ Kh8 26.fxe8=Q Qxe8 27.Rxf8+  1-0

[Event "Subotica IM 2012"]
[Site "Subotica SRB"]
[Date "2012.12.18"]
[Round "7.2"]
[White "Dinev,De"]
[Black "Kumic,F"]
[Result "1/2-1/2"]
[WhiteElo "2357"]
[BlackElo "2206"]

1.e4 c5 2.Nf3 d6 3.d4 cxd4 4.Nxd4 Nf6 5.Nc3 a6 6.g3 e5 7.Nde2 Nbd7 8.Bg2 b5
9.O-O Bb7 10.a4 b4 11.Nd5 Nxd5 12.exd5 a5 13.Be3 Ba6 14.Re1 Be7 15.b3 O-O
16.c4 bxc3 17.Nxc3 Bg5 18.Bxg5 Qxg5 19.Ne4 Qe7 20.Qd2 f5 21.Nc3 Nc5 22.Rab1 Rfb8
23.Qd1 Rb4 24.Na2 Rb6 25.b4 axb4 26.Rxb4 Qb7 27.Qd2 Nb3 28.Rxb6 Nxd2 29.Rxb7 Bxb7
30.Nc3 Ba6 31.Rd1 Nb3 32.Rb1 Bc4 33.Bh3 g6 34.g4 Nc5 35.gxf5 Nxa4 36.Ra1 Nb6
37.Rxa8+ Nxa8 38.fxg6 hxg6 39.Ne4 Kg7 40.Nxd6 Bxd5 41.Bg2 Nc7 42.Bxd5 Nxd5
43.Kg2 Kf6 44.Kf3 Ke6 45.Ne4 Nf6 46.h4 Nxe4 47.Kxe4 Kd6 48.Kf3 Ke6 49.Kg4 Kf6
50.f3 Kf7 51.Kg3 Kf6  1/2-1/2

[Event "5th Marseille Open"]
[Site "Marseille FRA"]
[Date "2012.12.27"]
[Round "3.9"]
[White "Dourerassou,J"]
[Black "Sandu,Mi"]
[Result "1/2-1/2"]
[WhiteElo "2454"]
[BlackElo "2199"]

1.e4 c5 2.Nf3 d6 3.d4 cxd4 4.Nxd4 Nf6 5.Nc3 a6 6.g3 g6 7.Bg2 Bg7 8.O-O O-O
9.h3 Nc6 10.Be3 Nxd4 11.Bxd4 Be6 12.Nd5 Bxd5 13.exd5 Rc8 14.Re1 Re8 15.Qd2 Nd7
16.Bxg7 Kxg7 17.Re4 b5 18.Rh4 Kg8 19.Re1 Rc4 20.Rxc4 bxc4 21.Re4 Qb8 22.c3 Qb5
23.Bf1 Ne5 24.Re3 Qa4 25.f4 Nd7 26.Re4 Nc5 27.Rxc4 Qxa2 28.f5 Qb1 29.fxg6 fxg6
30.Rf4 Rf8 31.Rxf8+ Kxf8 32.Qf2+ Kg8 33.Qe2 Kf8 34.Kh2 a5 35.Bg2 a4 36.h4 Qf5
37.Qd2 Qe5 38.Bf3 Kg7 39.Kg2 Nb3 40.Qf2 Nc5 41.Qd2 Nb3 42.Qd3 Nc5 43.Qd2 Nb3
44.Qf2  1/2-1/2

[Event "TCh-FIN SM 2012-13"]
[Site "Tampere FIN"]
[Date "2013.01.13"]
[Round "9.6"]
[White "Ahvenjarvi,Jani"]
[Black "Jarvenpaa,J"]
[Result "1-0"]
[WhiteElo "2210"]
[BlackElo "2276"]

1.e4 c5 2.Nf3 d6 3.d4 cxd4 4.Nxd4 Nf6 5.Nc3 a6 6.g3 e5 7.Nde2 Be7 8.Bg2 Qc7
9.a4 b6 10.O-O Bb7 11.h3 Nbd7 12.g4 Nc5 13.Ng3 h6 14.Be3 Rd8 15.Qd2 Bc6 16.b4 Ne6
17.Nf5 Bf8 18.Nd5 Bxd5 19.exd5 Ng5 20.Bxg5 hxg5 21.Qxg5 Rh7 22.f4 Qxc2 23.fxe5 dxe5
24.Rfe1 Bxb4 25.Nxg7+ Rxg7 26.Qxg7 Bxe1 27.Rxe1 Nd7 28.Qg8+ Nf8 29.Rxe5+ Kd7
30.Qxf7+ Kc8 31.Qf5+ Qxf5 32.Rxf5 Nd7 33.g5 Kc7 34.Kh2 Kd6 35.h4 Rf8 36.Rxf8 Nxf8
37.Kg3 b5 38.axb5 axb5 39.Bf1 b4 40.Bc4 Nd7 41.h5 Ke5 42.h6 Nf8 43.Bd3 Kxd5
44.h7 Nxh7 45.Bxh7 Ke5 46.Kg4 Ke6 47.Bc2  1-0

[Event "TCh-CAT Div Hon 2013"]
[Site "Catalonia ESP"]
[Date "2013.01.19"]
[Round "1.5"]
[White "Lopez Martinez,Josep"]
[Black "Asis Gargatagli,H"]
[Result "1-0"]
[WhiteElo "2499"]
[BlackElo "2456"]

1.e4 c5 2.Nf3 d6 3.d4 cxd4 4.Nxd4 Nf6 5.Nc3 a6 6.g3 Nc6 7.Bg2 Bg4 8.Qd2 Qb6
9.Nxc6 bxc6 10.b3 g6 11.Bb2 Bg7 12.f4 d5 13.e5 Nd7 14.Na4 Qb5 15.h3 Be6 16.O-O-O O-O
17.g4 f5 18.g5 Rab8 19.Bf1 Qb7 20.h4 Rfd8 21.h5 Qa7 22.Bg2 a5 23.Ba3 Rb4
24.Bxb4 axb4 25.Qxb4 c5 26.Qb5 d4 27.Qc6  1-0

[Event "TCh-CAT Div Hon 2013"]
[Site "Catalonia ESP"]
[Date "2013.01.19"]
[Round "1.10"]
[White "Mestre Bellido,H"]
[Black "Colon Garcia,E"]
[Result "0-1"]
[WhiteElo "2317"]
[BlackElo "2337"]

1.e4 c5 2.Nf3 d6 3.d4 cxd4 4.Nxd4 Nf6 5.Nc3 a6 6.g3 e5 7.Nde2 Be7 8.Bg2 b5
9.Nd5 Nbd7 10.Nec3 Bb7 11.a4 bxa4 12.Rxa4 O-O 13.O-O Nxd5 14.Nxd5 Bxd5 15.exd5 f5
16.Qe2 Nc5 17.Rc4 e4 18.f3 exf3 19.Bxf3 Bg5 20.Bf4 Bxf4 21.gxf4 Re8 22.Qg2 a5
23.Kh1 Qf6 24.c3 a4 25.Qg1 Rab8 26.Rb4 Rxb4 27.cxb4 Nd3 28.Qb6 Nxb2 29.Qc6 Rb8
30.Qc7 Qd8 31.Qc3 Qf6 32.Qc7 Rxb4 33.Re1 Qf8 34.Bh5 Re4 35.Rc1 Nd3 36.Rb1 Nxf4
37.Bf3 Re8 38.Qc4 Ng6 39.Qxa4 Ne5 40.Bg2 Ng4 41.h3 Ne3 42.Bf3 f4 43.Kh2 Re5
44.Rg1 g6 45.Rc1 Re7 46.Qb4 Qf6 47.Rc6 Qh4 48.Be4 Qg3+ 49.Kh1 Qxh3+ 50.Kg1 Qf1+
51.Kh2 Ng4+  0-1